| 000 | 00481nam a2200133Ia 4500 | ||
|---|---|---|---|
| 008 | 150610s9999 xx 000 0 und d | ||
| 020 | _a9788172452087 | ||
| 050 |
_aQD38 _b .B66 2000 |
||
| 100 | _aBonnet, Robert L. | ||
| 245 |
_aScience fair projects : _bchemistry / _cBob Bonnet & Dan Keen ; illustrated by Frances Zweifel. |
||
| 260 |
_aNew Delhi : _bGoodwill Publishing House, _c2000. |
||
| 300 |
_a95pages : _billustrations ; _c25 cm. |
||
| 520 | _aJuvenile literature. | ||
| 999 |
_c288234 _d288234 |
||